000 00702nam a2200253 a 4500
001 nice12345678
003 IN_TiNIC
005 20260116011445.0
008 050524s1931 lona grp 000 0 eng
020 _a
_c100
082 0 0 _a297.1
_bLEV1
100 _aLevy, Reuben
245 _aIntroduction to the Sociology of Islam
260 _aLondon
_bWilliams and Norgate
_c1931
300 _a410p.
500 _aincludes index and biblioraphy
505 2 _aIndex, Illus
505 2 _aIndex, Illus00
_gV1.
_tIntroduction to the Sociology of Islam.--
_gV2.
_tIntroduction to the Soc
650 _aIslam and Sociology
700 1 _aLevy, Reuben
902 _bRBA
942 _cBK
999 _c1710
_d1710